00541nam a2200169 4500003001100000005001700011008004100028020001500069040003900084041000800123082001600131100002800147245009600175260004000271300002300311650003700334LK-CoMWRAF20231207122746.0231125b2002 |||||||| |||| 00| 0 eng d a9559151312 aLK-CoMWRAFdLK-CoMWRAFeLK-CoMWRAF aeng a348.04bHUS aHussain, M. S. Mohammed aHussain's complete digest of case law of Sri Lanka : 1820-2000, bVol-15 Month to Partition aKandy : bArafa (Pvt.) Ltd., c2002 axvi, 695 p.; 26 cm aLaw reports, digests, -Sri Lanka